| 000 | 02355nam a2200613Ia 4500 | ||
|---|---|---|---|
| 001 | 014300014301 | ||
| 008 | 221003m2001 xx 000 0 spa d | ||
| 035 | _aCENDO_9016 | ||
| 041 | _aspa | ||
| 110 |
_aCCOO _bConfederación Sindical _bSecretaría de la Mujer _cSecretaría de la Mujer _922055 |
||
| 245 | 0 |
_aInforme Proyecto OPTIMA : _buna nueva gestión de los recursos humanos : enero 1998-febrero 2000 |
|
| 260 |
_a[S.l. : _bs.n.], _c2001 |
||
| 300 |
_a2 vol. (pág. var.) ; _c 30 cm |
||
| 500 | _aContiene : V. 1. Empresas Autonómicas . - V. 2. Empresas Estatales | ||
| 650 |
_aMUJERES _9199 |
||
| 650 | 0 |
_aIGUALDAD DE OPORTUNIDADES _9590 |
|
| 650 |
_aPLAN DE ACCION _91075 |
||
| 650 |
_aPROCESO AFIRMATIVO _95782 |
||
| 650 |
_aESTRATEGIA DE GESTION _95425 |
||
| 650 |
_aRECURSOS HUMANOS _929 |
||
| 650 |
_aINFORME DE PROYECTO _98917 |
||
| 650 |
_aOPTIMA _92109 |
||
| 710 |
_aGRUPO NORTE _cValladolid _99180 |
||
| 710 |
_a<EL> CASERIO _99182 |
||
| 710 |
_aHENANDEZ ZAMORA _cMurcia _99183 |
||
| 710 |
_aCALVO ESTEIRO _99184 |
||
| 710 |
_aBANCO ZARAGOZANO _cMadrid _99185 |
||
| 710 |
_aCAJA DE AHORROS DEL MEDITERRANEO _cAlicante _99186 |
||
| 710 |
_aRADIO TELEVISION VALENCIANA _bCanal 9 _99187 |
||
| 710 |
_aHOGAR DEL EMPLEADO _cMadrid _99188 |
||
| 710 |
_aHOTEL GRAN TINERFE _cTenerife _99189 |
||
| 710 |
_aVANYERA _cLas Palmas de Gran Canaria _99190 |
||
| 710 |
_aVIRIATO _cA Coruña _99191 |
||
| 710 |
_aFABRICA DE LOZA SAN CLAUDIO _cOviedo _99192 |
||
| 710 |
_aLUCENT TECHNOLOGIES _cMadrid _99193 |
||
| 710 |
_aDELPHI COLVEGASA _99194 |
||
| 710 |
_aKRAFT JACOBS SUCHARD IBERIA _cMadrid _99195 |
||
| 710 |
_aADECCO _cMadrid _99196 |
||
| 710 |
_aRADIO POPULAR COPE _cMadrid _99197 |
||
| 710 |
_aHERTZ ESPAÑA _cMadrid _99198 |
||
| 710 |
_aFERROCARRILES DE VIA ESTRECHA _cMadrid _99199 |
||
| 710 |
_aGENERAL ELECTRIC _bPower Controls Ibérica _cMadrid _99200 |
||
| 710 |
_aAKI BRICOLAGE _cBarcelona _99178 |
||
| 710 |
_aCOMUNIDADES EUROPEAS _bIniciativa NOW _bPrograma OPTIMA _92114 |
||
| 856 |
_zPDF1 _uhttp://docpublicos.ccoo.es/cendoc/014300InformeProyectoOptimaEmpresasAutonomicas2000.pdf |
||
| 856 |
_zPDF2 _uhttp://docpublicos.ccoo.es/cendoc/014301InformeProyectoOptima2000.pdf |
||
| 901 | _a2 | ||
| 903 | _aNO | ||
| 904 | _a000 | ||
| 953 |
_d2001-04-23 _yDOCU_ELEC |
||
| 999 |
_c9015 _d9015 |
||
| 910 | _a2001 | ||
| 942 | _cDOCU_ELEC | ||